Vnútorná kontrola ako nástroj riadenia možnosť odhaliť problémy ešte pred ich vznikom

Prínosy dobre fungujúcej vnútornej kontroly. Dôvody na zavedenie vnútornej kontroly v podniku. Kroky a postupnosti vo vnútornej kontrole. Námety na budovanie vnútorného kontrolného systému.

Gespeichert in:
Bibliographische Detailangaben
1. Verfasser: Ličko, Tibor
Format: Buchkapitel
Sprache:Slowakisch
Schlagworte:
Tags: Tag hinzufügen
Keine Tags, Fügen Sie das erste Tag hinzu!

MARC

LEADER 00000naa a2200000 4500
001 r036987
005 20230824102250.1
041 0 |a slo 
044 |a SK 
245 1 0 |a Vnútorná kontrola ako nástroj riadenia  |b možnosť odhaliť problémy ešte pred ich vznikom  |c Tibor Ličko 
520 |a Prínosy dobre fungujúcej vnútornej kontroly. Dôvody na zavedenie vnútornej kontroly v podniku. Kroky a postupnosti vo vnútornej kontrole. Námety na budovanie vnútorného kontrolného systému. 
610 2 0 |a kontrola vnútorná 
610 2 0 |a kontrola vnútropodniková 
610 2 0 |a nástroje riadenia 
610 2 0 |a organizácia práce 
610 2 0 |a organizácia podniku 
100 1 |a Ličko, Tibor